000 00853cam a22002538i 4500
999 _c45345
_d45345
001 MEB012186 SSB071315
005 20190211102405.0
008 170113s2018 iau 000 0 eng
010 _a2016059701
020 _a9781259922084
100 1 _aCohen, Ronald Jay.
245 1 0 _aPsychological testing and assessment /
_cRonald Jay Cohen and Mark E. Swerdlik.
250 _aNinth Edition.
260 _aNew York :
_bMcGraw-Hill Education,
_c2018.
300 _axxix, 566 pages :
_billustrations ;
_c26 cm.
336 _atext
_btxt
_2rdacontent.
337 _aunmediated
_bn
_2rdamedia.
338 _avolume
_bnc
_2rdacarrier.
500 _aRevised edition of the authors' Psychological testing and assessment, c2013.
650 0 _aPsychological tests.
650 0 _aPsychometrics.
700 1 _aSwerdlik, Mark E.,
_eauthor.
942 _2lcc
_cBK